000 00963nam0a22002771 4500
001 v19\rc\1489785
005 20250618155152.0
035 _a(NLR Aleph) 004619730
090 _a3024689
_c3024690
100 _a20060620d1881 |||y0rusy50 ca
101 0 _arus
102 _aRU
105 _ay z |||a|
200 1 _aПрестол и монастырь
_eИст. роман в 2 ч. из рус. летописей 1682-1689 г.
_f[Соч.] П. Полежаева
205 _a2-е изд.
210 _aСанкт-Петербург
_cтип. Ф.С. Сущинского
_d1881
215 _a[6], 330 с.
_d21
316 _aЭкземпляр РНБ (18.253.3.18): утрачен
_5NLR: 18.253.3.18
700 1 _aПолежаев
_bП.В.
_gПетр Васильевич
801 0 _aRU
_bNLR
_gpsbo
801 0 _aRU
_bRuMoRGB
_2psbo
801 1 _aRU
_bProSoft-M
_2rusmarc
852 _aNLR
_j18.253.3.18
899 _aRuMoRGB
_jP 55/119
942 _cBOOK
980 _aNB